Poets and their lines - Statistics

General Stats
  • This quiz has been taken 22 times
  • The average score is 10 of 15
Answer Stats
Question Answer % Correct
"Because I could not stop for Death – He kindly stopped for me – The Carriage held but just Ourselves – And Immortality." Emily Dickinson
90%
"No man is an island entire of itself; every man is a piece of the continent, a part of the main; " John Donne
90%
"Men marched asleep. Many had lost their boots, But limped on, blood-shod. All went lame; all blind; Drunk with fatigue; deaf even to the hoots Of gas-shells dropping softly behind. Wilfred Owen
90%
" The best lack all conviction, while the worst Are full of passionate intensity." W.B.Yeats
80%
"If you can meet with Triumph and Disaster And treat those two impostors just the same; " Rudyard Kipling
70%
" If I should die, think only this of me: That there’s some corner of a foreign field That is for ever England."? Rupert Brooke
70%
" Let us go then, you and I, When the evening is spread out against the sky Like a patient etherized upon a table;" T.S.Eliot
70%
"I know that I shall meet my fate Somewhere among the clouds above; Those that I fight I do not hate, Those that I guard I do not love;" W.B.Yeats
70%
" He was my North, my South, my East and West, My working week and my Sunday rest.." W.H.Auden
70%
"A coward dies a thousand times before his death, but the valiant taste of death but once." William Shakespeare
70%
" Heard Melodies are Sweet, But those unheard are sweeter" . John Keats
60%
" If winter comes, can spring be far behind"? P.B.Shelley
60%
"The day he moved out was terrible – That evening she went through hell. His absence wasn’t a problem But the corkscrew had gone as well. Wendy Cope
50%
"THE APPARITION of these faces in the crowd; Petals on a wet, black bough." Ezra Pound
20%
"The maps at his disposal were out of date And the Census Returns almost certainly incorrect, But there was no time to check them, no time to inspect Contested areas. The weather was frightfully hot, And a bout of dysentery kept him constantly on the trot, But in seven weeks it was done, the frontiers decided, A continent for better or worse divided." W.H.Auden
10%
No matching quizzes found
Score Distribution
Percent of People with Each Score
Percentile by Number Answered
Your Score History
You have not taken this quiz